|
|
|
|
| LEADER |
00000nbm0a2200000 4500 |
| 001 |
22362 |
| 005 |
20231030194654.0 |
| 035 |
|
|
|a (RuTPU)RU\TPU\book\22575
|
| 035 |
|
|
|a BOOK00000338
|
| 090 |
|
|
|a 22362
|
| 100 |
|
|
|a 20011209d2000 k y0rusy50 ca
|
| 101 |
0 |
|
|a rus
|
| 102 |
|
|
|a RU
|
| 105 |
|
|
|a y m 000zy
|
| 200 |
1 |
|
|a Предикатно-матричные сети в задачах анализа и синтеза систем управления
|e диссертация на соискание ученой степени кандидата технических наук
|f П. В. Гришмановский
|g Томский политехнический университет
|
| 210 |
|
|
|a Томск
|d 2000
|
| 215 |
|
|
|a 147 л.
|
| 610 |
1 |
|
|a технические системы
|
| 610 |
1 |
|
|a управление
|
| 610 |
1 |
|
|a моделирование
|
| 610 |
1 |
|
|a задачи
|
| 610 |
1 |
|
|a анализ
|
| 610 |
1 |
|
|a синтез
|
| 610 |
1 |
|
|a предикатно-матричные сети
|
| 610 |
1 |
|
|a диссертации
|
| 675 |
|
|
|a 681.51.015.26(04)
|v 3
|
| 700 |
|
1 |
|a Гришмановский
|b П. В.
|g Павел Валерьевич
|
| 712 |
0 |
2 |
|a Томский политехнический университет
|2 stltpush
|3 (RuTPU)RU\TPU\col\376
|
| 801 |
|
0 |
|a RU
|b 63413507
|c 20011209
|g PSBO
|
| 801 |
|
2 |
|a RU
|b 63413507
|c 20030116
|g PSBO
|
| 942 |
|
|
|c BK
|